[Event "Bundesliga 9900"]
[Site "Deutschland"]
[Date "1999.11.06"]
[Round "3.6"]
[White "Mortensen, Erling"]
[Black "Lauber, Arnd"]
[Result "0-1"]
[WhiteElo "2445"]
[BlackElo "2416"]
[PlyCount "100"]
[EventDate "1999.10.09"]
[EventType "team"]
[EventRounds "15"]
[EventCountry "GER"]
[SourceTitle "Bundesliga 9900"]
[Source "DeepChess"]
[SourceDate "2005.01.01"]
[SourceVersion "1"]
[SourceVersionDate "2005.01.01"]
[SourceQuality "1"]
[WhiteTeam "Luebecker SV von 1873 "]
[BlackTeam "Delmenhorster SK 1931"]
[WhiteTeamCountry "GER"]
[BlackTeamCountry "GER"]

1. e4 c6 2. c4 d5 3. exd5 cxd5 4. d4 Nf6 5. Nc3 e6 6. Nf3 Bb4 7. cxd5 exd5 8.
Bd3 O-O 9. O-O Nc6 10. Bg5 Bxc3 11. bxc3 h6 12. Bh4 Bg4 13. Qd2 Bxf3 14. gxf3
Qd6 15. Kh1 Nh5 16. Bg3 Qf6 17. f4 Ne7 18. Rae1 g6 19. Qe3 Nf5 20. Qf3 Rad8 21.
Bxf5 Qxf5 22. Re5 Qh3 23. Rfe1 Ng7 24. Rxd5 Rxd5 25. Qxd5 Nf5 26. Qg2 Qxg2+ 27.
Kxg2 Rc8 28. Rb1 Rxc3 29. Rxb7 Ra3 30. Rb2 h5 31. f3 Nxd4 32. Bf2 Nf5 33. Bc5
Ra4 34. Bb4 Ne3+ 35. Kg1 Nd5 36. Bd6 Nxf4 37. Be5 g5 38. Bxf4 Rxf4 39. Rb5 f6
40. Ra5 Rxf3 41. Rxa7 h4 42. Kg2 g4 43. a4 h3+ 44. Kg1 f5 45. Rb7 f4 46. Rb4 g3
47. hxg3 fxg3 48. Rh4 g2 49. Rg4+ Kf7 50. Kh2 Rf1 0-1

[Event "Bundesliga 9900"]
[Site "Deutschland"]
[Date "1999.11.06"]
[Round "3.7"]
[White "Borik, Otto"]
[Black "Cladouras, Panagiotis"]
[Result "1/2-1/2"]
[WhiteElo "2416"]
[BlackElo "2335"]
[PlyCount "46"]
[EventDate "1999.10.09"]
[EventType "team"]
[EventRounds "15"]
[EventCountry "GER"]
[SourceTitle "Bundesliga 9900"]
[Source "DeepChess"]
[SourceDate "2005.01.01"]
[SourceVersion "1"]
[SourceVersionDate "2005.01.01"]
[SourceQuality "1"]
[WhiteTeam "Delmenhorster SK 1931"]
[BlackTeam "Luebecker SV von 1873 "]
[WhiteTeamCountry "GER"]
[BlackTeamCountry "GER"]

1. Nf3 Nf6 2. c4 e6 3. Nc3 Bb4 4. Qc2 O-O 5. a3 Bxc3 6. Qxc3 b6 7. d3 d6 8. g3
Bb7 9. Bg2 a5 10. O-O a4 11. e4 Nbd7 12. Be3 Ng4 13. Bg5 f6 14. Bd2 Nc5 15. Ne1
Nb3 16. Rd1 c5 17. h3 Ne5 18. f4 Nxd2 19. Rxd2 Nc6 20. Nf3 e5 21. Kh2 Nd4 22.
Nxd4 exd4 23. Qc2 Bc6 1/2-1/2

[Event "Bundesliga 9900"]
[Site "Deutschland"]
[Date "1999.11.06"]
[Round "3.8"]
[White "Blauert, Joerg"]
[Black "Beckemeier, Werner"]
[Result "1/2-1/2"]
[WhiteElo "2386"]
[BlackElo "2374"]
[PlyCount "65"]
[EventDate "1999.10.09"]
[EventType "team"]
[EventRounds "15"]
[EventCountry "GER"]
[SourceTitle "Bundesliga 9900"]
[Source "DeepChess"]
[SourceDate "2005.01.01"]
[SourceVersion "1"]
[SourceVersionDate "2005.01.01"]
[SourceQuality "1"]
[WhiteTeam "Luebecker SV von 1873 "]
[BlackTeam "Delmenhorster SK 1931"]
[WhiteTeamCountry "GER"]
[BlackTeamCountry "GER"]

1. e4 e5 2. Nf3 Nc6 3. Bc4 d6 4. d4 Bg4 5. h3 Bh5 6. dxe5 dxe5 7. Qxd8+ Rxd8 8.
Bb5 Bc5 9. O-O f6 10. Bxc6+ bxc6 11. Nbd2 Ne7 12. Nb3 Bd6 13. Be3 a6 14. c4
Bxf3 15. gxf3 Ng6 16. c5 Be7 17. Na5 Rb8 18. Nxc6 Rxb2 19. Rfb1 Rc2 20. Nb4 Rc4
21. Nxa6 O-O 22. a4 f5 23. exf5 Nh4 24. Nxc7 Nxf5 25. Rc1 Nxe3 26. fxe3 Rxc5
27. a5 Rc8 28. Rxc5 Bxc5 29. Nd5 Rd8 30. Rd1 Ra8 31. Ra1 Rd8 32. Rd1 Ra8 33.
Ra1 1/2-1/2

[Event "Bundesliga 9900"]
[Site "Deutschland"]
[Date "1999.11.06"]
[Round "3.2"]
[White "Tischbierek, Raj"]
[Black "Beim, Valery"]
[Result "1-0"]
[WhiteElo "2544"]
[BlackElo "2559"]
[PlyCount "105"]
[EventDate "1999.10.09"]
[EventType "team"]
[EventRounds "15"]
[EventCountry "GER"]
[SourceTitle "Bundesliga 9900"]
[Source "DeepChess"]
[SourceDate "2005.01.01"]
[SourceVersion "1"]
[SourceVersionDate "2005.01.01"]
[SourceQuality "1"]
[WhiteTeam "Dresdner SC 1898"]
[BlackTeam "TV Tegernsee"]
[WhiteTeamCountry "GER"]
[BlackTeamCountry "GER"]

1. e4 d6 2. d4 Nf6 3. Nc3 g6 4. Nf3 Bg7 5. Be3 a6 6. a4 O-O 7. Be2 Nc6 8. d5
Nb4 9. a5 e6 10. O-O c5 11. dxe6 Bxe6 12. e5 Ng4 13. Bg5 f6 14. exf6 Nxf6 15.
Ne4 Qd7 16. Bxf6 Bxf6 17. c3 Nc6 18. Qxd6 Qxd6 19. Nxd6 Be7 20. Bc4 Bxd6 21.
Bxe6+ Kh8 22. Rfd1 Bf4 23. Rd7 Rab8 24. Bd5 Rfd8 25. Bxc6 bxc6 26. Rxd8+ Rxd8
27. g3 Bc7 28. Re1 Rb8 29. Ng5 Kg8 30. Ne6 Bd6 31. Rd1 Be7 32. Rd7 Kf7 33. Nxc5
Rxb2 34. Nxa6 Ke6 35. Rd4 Ra2 36. Nb4 Ra1+ 37. Kg2 c5 38. Re4+ Kd6 39. Nc2 Rxa5
40. Ne3 Ra2 41. Nc4+ Kd7 42. Nb6+ Kd8 43. Nd5 Bd6 44. Nf6 Rc2 45. Re8+ Kc7 46.
Re6 c4 47. Ne4 Bf8 48. Re8 Bh6 49. Re7+ Kc6 50. Rxh7 Bc1 51. h4 Kd5 52. Kf3 Bb2
53. h5 1-0

[Event "Bundesliga 9900"]
[Site "Deutschland"]
[Date "1999.11.06"]
[Round "3.3"]
[White "Hertneck, Gerald"]
[Black "Socko, Bartosz"]
[Result "1-0"]
[WhiteElo "2561"]
[BlackElo "2543"]
[PlyCount "93"]
[EventDate "1999.10.09"]
[EventType "team"]
[EventRounds "15"]
[EventCountry "GER"]
[SourceTitle "Bundesliga 9900"]
[Source "DeepChess"]
[SourceDate "2005.01.01"]
[SourceVersion "1"]
[SourceVersionDate "2005.01.01"]
[SourceQuality "1"]
[WhiteTeam "TV Tegernsee"]
[BlackTeam "Dresdner SC 1898"]
[WhiteTeamCountry "GER"]
[BlackTeamCountry "GER"]

1. c4 Nf6 2. Nc3 g6 3. g3 Bg7 4. Bg2 O-O 5. d3 d6 6. Rb1 e5 7. b4 h6 8. Nf3 Be6
9. O-O Qc8 10. Re1 Bh3 11. Bh1 Re8 12. Nd2 Nbd7 13. a4 c6 14. Ba3 Qc7 15. a5 a6
16. Nb3 h5 17. b5 axb5 18. cxb5 Be6 19. Qd2 Bxb3 20. b6 Qb8 21. Rxb3 Rxa5 22.
Ne4 Ra6 23. Bxd6 Nxe4 24. dxe4 Qc8 25. Reb1 Bf8 26. Bg2 Nc5 27. Bxc5 Bxc5 28.
Qc3 Bd4 29. Qc2 Ra5 30. e3 Bc5 31. Qc3 Qa8 32. Bf1 Bf8 33. Rd1 Rc5 34. Qd3 Re7
35. Ra3 Ra5 36. Rxa5 Qxa5 37. Qd8 Qa4 38. Rd6 Qb4 39. Qb8 Re8 40. Rxg6+ fxg6
41. Qxe8 Qxe4 42. Qe6+ Kh8 43. Qc8 Qf3 44. Qxb7 Bc5 45. Qa8+ Kh7 46. b7 Bxe3
47. Qa2 1-0

[Event "Bundesliga 9900"]
[Site "Deutschland"]
[Date "1999.11.06"]
[Round "3.4"]
[White "Boensch, Uwe"]
[Black "Teske, Henrik"]
[Result "1-0"]
[WhiteElo "2547"]
[BlackElo "2515"]
[PlyCount "71"]
[EventDate "1999.10.09"]
[EventType "team"]
[EventRounds "15"]
[EventCountry "GER"]
[SourceTitle "Bundesliga 9900"]
[Source "DeepChess"]
[SourceDate "2005.01.01"]
[SourceVersion "1"]
[SourceVersionDate "2005.01.01"]
[SourceQuality "1"]
[WhiteTeam "Dresdner SC 1898"]
[BlackTeam "TV Tegernsee"]
[WhiteTeamCountry "GER"]
[BlackTeamCountry "GER"]

1. d4 d5 2. c4 e6 3. Nc3 Bb4 4. Nf3 dxc4 5. e4 b5 6. a4 c6 7. Be2 Bb7 8. O-O a6
9. e5 Nd7 10. Ne4 f5 11. Nd6+ Bxd6 12. exd6 Nb6 13. Bf4 Nd5 14. Be5 Ngf6 15.
Ng5 Qd7 16. Bh5+ g6 17. Bf3 O-O 18. Re1 Rae8 19. Qd2 h6 20. Bxd5 Nxd5 21. Ra3
Nf6 22. Rh3 Ng4 23. Nf3 g5 24. Nxg5 c5 25. f3 Nxe5 26. dxe5 Qg7 27. d7 hxg5 28.
dxe8=Q Rxe8 29. Rg3 f4 30. Rg4 Kh7 31. h4 Qg6 32. Qd7+ Kh6 33. Qxb7 Rd8 34. Qe7
Rg8 35. Rxg5 Qh7 36. Qxe6+ 1-0

[Event "Bundesliga 9900"]
[Site "Deutschland"]
[Date "1999.11.06"]
[Round "3.5"]
[White "Schmittdiel, Eckhard"]
[Black "Borriss, Martin"]
[Result "1/2-1/2"]
[WhiteElo "2505"]
[BlackElo "2440"]
[PlyCount "95"]
[EventDate "1999.10.09"]
[EventType "team"]
[EventRounds "15"]
[EventCountry "GER"]
[SourceTitle "Bundesliga 9900"]
[Source "DeepChess"]
[SourceDate "2005.01.01"]
[SourceVersion "1"]
[SourceVersionDate "2005.01.01"]
[SourceQuality "1"]
[WhiteTeam "TV Tegernsee"]
[BlackTeam "Dresdner SC 1898"]
[WhiteTeamCountry "GER"]
[BlackTeamCountry "GER"]

1. e4 c5 2. c3 Nf6 3. e5 Nd5 4. d4 cxd4 5. Nf3 e6 6. cxd4 b6 7. Nc3 Nxc3 8.
bxc3 Qc7 9. Bd2 d6 10. Bd3 Nd7 11. O-O dxe5 12. Re1 Bd6 13. dxe5 Be7 14. Ng5
Bxg5 15. Bxg5 h6 16. Qh5 Bb7 17. Rad1 Nc5 18. Bc2 Bd5 19. Rd4 Rg8 20. Rxd5 hxg5
21. Rd4 Qe7 22. Red1 Kf8 23. Rg4 f6 24. f4 Rd8 25. Rf1 f5 26. Rxg5 Qf7 27. Qe2
Ke7 28. g4 g6 29. Qg2 Qe8 30. gxf5 gxf5 31. h4 Qf7 32. Rf3 Qh7 33. h5 Kf7 34.
Kf1 Rxg5 35. Qxg5 Rg8 36. Qf6+ Ke8 37. Ba4+ Nxa4 38. Qxe6+ Kd8 39. Qd6+ Kc8 40.
Qc6+ Kb8 41. Qxa4 Qxh5 42. Rf2 Rd8 43. Ke1 Qh1+ 44. Ke2 Qh5+ 45. Rf3 Qh2+ 46.
Rf2 Qh5+ 47. Rf3 Qh2+ 48. Rf2 1/2-1/2

[Event "Bundesliga 9900"]
[Site "Deutschland"]
[Date "1999.11.06"]
[Round "3.6"]
[White "Maiwald, Jens Uwe"]
[Black "Pezerovic, Edin"]
[Result "1/2-1/2"]
[WhiteElo "2488"]
[BlackElo "2447"]
[PlyCount "113"]
[EventDate "1999.10.09"]
[EventType "team"]
[EventRounds "15"]
[EventCountry "GER"]
[SourceTitle "Bundesliga 9900"]
[Source "DeepChess"]
[SourceDate "2005.01.01"]
[SourceVersion "1"]
[SourceVersionDate "2005.01.01"]
[SourceQuality "1"]
[WhiteTeam "Dresdner SC 1898"]
[BlackTeam "TV Tegernsee"]
[WhiteTeamCountry "GER"]
[BlackTeamCountry "GER"]

1. e4 c6 2. d4 d5 3. e5 Bf5 4. h4 h6 5. g4 Bd7 6. c3 e6 7. h5 c5 8. f4 Nc6 9.
Nf3 Qb6 10. Kf2 O-O-O 11. Kg3 Kb8 12. a3 c4 13. Nbd2 Na5 14. Nh4 Be7 15. Rb1
Rc8 16. Qc2 Bxh4+ 17. Rxh4 Ne7 18. Nf3 g6 19. Be3 Rcg8 20. hxg6 fxg6 21. Bh3
Qd8 22. Rh1 Qf8 23. Bf1 h5 24. Bh3 hxg4 25. Bxg4 Nf5+ 26. Bxf5 gxf5+ 27. Ng5
Rxh4 28. Rxh4 Rh8 29. Qh2 Rxh4 30. Qxh4 Kc7 31. Qh7 Qe8 32. Kh4 Nc6 33. Bf2 Ne7
34. Kg3 Ng6 35. Kf3 a5 36. Bh4 Nxh4+ 37. Qxh4 b5 38. Qh7 Kb6 39. Kg3 b4 40.
axb4 axb4 41. cxb4 Kc6 42. Kg2 Kb6 43. Kf2 Kc6 44. Ke2 Kb6 45. Kd2 Bc8 46. Qh3
Bd7 47. Qh7 Bc8 48. Qh3 Bd7 49. Kc1 Qf8 50. Qa3 Qh6 51. Qa5+ Kb7 52. b5 Qh1+
53. Kc2 Qf1 54. Qa6+ Kb8 55. b6 Qd3+ 56. Kc1 Qf1+ 57. Kc2 1/2-1/2

[Event "Bundesliga 9900"]
[Site "Deutschland"]
[Date "1999.11.06"]
[Round "3.8"]
[White "Gauglitz, Gernot"]
[Black "Klundt, Klaus"]
[Result "1-0"]
[WhiteElo "2390"]
[BlackElo "2407"]
[PlyCount "103"]
[EventDate "1999.10.09"]
[EventType "team"]
[EventRounds "15"]
[EventCountry "GER"]
[SourceTitle "Bundesliga 9900"]
[Source "DeepChess"]
[SourceDate "2005.01.01"]
[SourceVersion "1"]
[SourceVersionDate "2005.01.01"]
[SourceQuality "1"]
[WhiteTeam "Dresdner SC 1898"]
[BlackTeam "TV Tegernsee"]
[WhiteTeamCountry "GER"]
[BlackTeamCountry "GER"]

1. d4 Nf6 2. Nf3 g6 3. c4 Bg7 4. g3 O-O 5. Bg2 c5 6. Nc3 d6 7. O-O Nc6 8. d5
Na5 9. Nd2 a6 10. Rb1 Rb8 11. b3 b5 12. Bb2 e6 13. dxe6 Bxe6 14. cxb5 axb5 15.
Nde4 Nxe4 16. Nxe4 Bf5 17. Bxg7 Kxg7 18. Rc1 Bxe4 19. Bxe4 Rb6 20. Qd2 Nc6 21.
Rfd1 Qe7 22. Bg2 Nd4 23. e3 Ne6 24. a4 Rfb8 25. axb5 Rxb5 26. Bd5 R5b6 27. Ra1
Ng5 28. Qd3 h5 29. Qc3+ Kg8 30. Ra4 Rb4 31. Rxb4 Rxb4 32. Ra1 Rb8 33. Ra4 Re8
34. h4 Ne6 35. Qd3 Qf6 36. Ra7 Re7 37. Ra6 Rd7 38. Bxe6 Qxe6 39. Ra8+ Kg7 40.
Qb5 Kf6 41. Qb8 Qe4 42. Qh8+ Ke6 43. Ra4 Qe5 44. Qc8 Ke7 45. Qc6 Qf5 46. Rf4
Qb1+ 47. Kh2 Qxb3 48. Re4+ Kd8 49. Qa8+ Kc7 50. Ra4 d5 51. Ra7+ Kd6 52. Qf8+
1-0

[Event "Bundesliga 9900"]
[Site "Deutschland"]
[Date "1999.11.06"]
[Round "3.2"]
[White "Dautov, Rustem"]
[Black "Marciano, David"]
[Result "1/2-1/2"]
[WhiteElo "2597"]
[BlackElo "2529"]
[PlyCount "75"]
[EventDate "1999.10.09"]
[EventType "team"]
[EventRounds "15"]
[EventCountry "GER"]
[SourceTitle "Bundesliga 9900"]
[Source "DeepChess"]
[SourceDate "2005.01.01"]
[SourceVersion "1"]
[SourceVersionDate "2005.01.01"]
[SourceQuality "1"]
[WhiteTeam "Godesberger SK 1929"]
[BlackTeam "PSV Turm Duisburg 1920 e.V."]
[WhiteTeamCountry "GER"]
[BlackTeamCountry "GER"]

1. d4 Nf6 2. Nf3 d5 3. c4 e6 4. Nc3 Be7 5. Bg5 O-O 6. e3 h6 7. Bh4 Ne4 8. Bxe7
Qxe7 9. Rc1 Nxc3 10. Rxc3 c6 11. Bd3 dxc4 12. Bxc4 Nd7 13. O-O e5 14. Bb3 Re8
15. d5 cxd5 16. Qxd5 Nf6 17. Qc5 Ne4 18. Qxe7 Rxe7 19. Rc2 Ng5 20. Nxg5 hxg5
21. Rfc1 Be6 22. Bxe6 Rxe6 23. Rc7 Rd8 24. Rxb7 Rc6 25. Rf1 Rd2 26. a3 a5 27.
a4 Rcc2 28. b3 Rb2 29. h3 f6 30. g4 e4 31. Re7 Rxb3 32. Rxe4 Ra2 33. Rc1 Rbb2
34. Rf1 Rb4 35. Re7 Rbxa4 36. Rc1 Ra1 37. Rxa1 Rxa1+ 38. Kg2 1/2-1/2

[Event "Bundesliga 9900"]
[Site "Deutschland"]
[Date "1999.11.06"]
[Round "3.4"]
[White "Kengis, Edvins"]
[Black "Kraut, Rainer"]
[Result "1-0"]
[WhiteElo "2573"]
[BlackElo "2453"]
[PlyCount "73"]
[EventDate "1999.10.09"]
[EventType "team"]
[EventRounds "15"]
[EventCountry "GER"]
[SourceTitle "Bundesliga 9900"]
[Source "DeepChess"]
[SourceDate "2005.01.01"]
[SourceVersion "1"]
[SourceVersionDate "2005.01.01"]
[SourceQuality "1"]
[WhiteTeam "Godesberger SK 1929"]
[BlackTeam "PSV Turm Duisburg 1920 e.V."]
[WhiteTeamCountry "GER"]
[BlackTeamCountry "GER"]

1. c4 e5 2. g3 Nf6 3. Bg2 Nc6 4. Nc3 Bb4 5. Nd5 Bc5 6. Nf3 d6 7. O-O h6 8. e3
O-O 9. d4 Bb6 10. b3 Bg4 11. h3 Bh5 12. g4 Bg6 13. Bb2 Re8 14. Nxb6 axb6 15.
dxe5 dxe5 16. Qxd8 Raxd8 17. Rfd1 Rxd1+ 18. Rxd1 Be4 19. Bc3 Re7 20. b4 Rd7 21.
Rc1 Re7 22. b5 Na5 23. Nxe5 Bxg2 24. Kxg2 Ne4 25. Bxa5 bxa5 26. Nf3 Rd7 27. Nd4
b6 28. h4 g6 29. Kf3 Nc5 30. Ke2 Rd6 31. Nb3 Nd3 32. Rc3 Ne5 33. c5 Rd8 34.
cxb6 cxb6 35. f3 Rd5 36. Nd4 Kg7 37. Rc7 1-0

[Event "Bundesliga 9900"]
[Site "Deutschland"]
[Date "1999.11.06"]
[Round "3.5"]
[White "Machelett, Heiko"]
[Black "David, Alberto"]
[Result "1/2-1/2"]
[WhiteElo "2380"]
[BlackElo "2544"]
[PlyCount "55"]
[EventDate "1999.10.09"]
[EventType "team"]
[EventRounds "15"]
[EventCountry "GER"]
[SourceTitle "Bundesliga 9900"]
[Source "DeepChess"]
[SourceDate "2005.01.01"]
[SourceVersion "1"]
[SourceVersionDate "2005.01.01"]
[SourceQuality "1"]
[WhiteTeam "PSV Turm Duisburg 1920 e.V."]
[BlackTeam "Godesberger SK 1929"]
[WhiteTeamCountry "GER"]
[BlackTeamCountry "GER"]

1. d4 Nf6 2. c4 g6 3. Nc3 Bg7 4. e4 d6 5. h3 O-O 6. Bg5 a6 7. Qd2 c5 8. d5 b5
9. cxb5 Qa5 10. bxa6 Nbd7 11. Nf3 Rb8 12. a7 Rb4 13. Be2 Qxa7 14. Qc2 Ba6 15.
Rb1 Rfb8 16. b3 Ne8 17. Bd2 c4 18. O-O Nc5 19. bxc4 Bxc4 20. Rxb4 Rxb4 21. Re1
Bxe2 22. Rxe2 Rc4 23. e5 Qa3 24. Qb1 Rb4 25. Qd1 Rc4 26. Qb1 Rb4 27. Qd1 Rc4
28. Qb1 1/2-1/2

[Event "Bundesliga 9900"]
[Site "Deutschland"]
[Date "1999.11.06"]
[Round "3.6"]
[White "Kveinys, Aloyzas"]
[Black "Berg, Emanuel"]
[Result "1-0"]
[WhiteElo "2515"]
[BlackElo "2348"]
[PlyCount "121"]
[EventDate "1999.10.09"]
[EventType "team"]
[EventRounds "15"]
[EventCountry "GER"]
[SourceTitle "Bundesliga 9900"]
[Source "DeepChess"]
[SourceDate "2005.01.01"]
[SourceVersion "1"]
[SourceVersionDate "2005.01.01"]
[SourceQuality "1"]
[WhiteTeam "Godesberger SK 1929"]
[BlackTeam "PSV Turm Duisburg 1920 e.V."]
[WhiteTeamCountry "GER"]
[BlackTeamCountry "GER"]

1. e4 e6 2. d3 d5 3. Nd2 Nf6 4. Ngf3 b6 5. g3 dxe4 6. dxe4 Ba6 7. Bxa6 Nxa6 8.
O-O Be7 9. b3 O-O 10. Bb2 Qc8 11. Qe2 Qb7 12. Rfe1 Rfd8 13. a4 Nb4 14. Nc4 a6
15. Nce5 c5 16. Ng5 Rf8 17. Rad1 Nc6 18. Nc4 Ne8 19. Nf3 b5 20. Nce5 Nf6 21.
Nxc6 Qxc6 22. Ne5 Qb7 23. Ng4 bxa4 24. Bxf6 Bxf6 25. Nxf6+ gxf6 26. Qg4+ Kh8
27. Qh4 axb3 28. Qxf6+ Kg8 29. cxb3 Qxb3 30. h4 Rab8 31. Rc1 Qb4 32. Qg5+ Kh8
33. Qe5+ Kg8 34. Red1 Qb2 35. Rc3 Qe2 36. Qg5+ Kh8 37. Qf6+ Kg8 38. Rdc1 Qb2
39. h5 Rfc8 40. h6 Kf8 41. Qg7+ Ke7 42. Qg5+ Ke8 43. Rf3 Qh8 44. Rxc5 Qf8 45.
Re5 Rb6 46. Qf6 Qe7 47. Qh8+ Kd7 48. Qxh7 f6 49. Rd3+ Rd6 50. Qxe7+ Kxe7 51.
Rxd6 Kxd6 52. Ra5 Rh8 53. Rxa6+ Ke5 54. Ra5+ Kxe4 55. Rh5 Rh7 56. Kg2 f5 57. g4
Ke5 58. g5 Rh8 59. Kg3 Kd6 60. g6 Ke7 61. g7 1-0

[Event "Bundesliga 9900"]
[Site "Deutschland"]
[Date "1999.11.06"]
[Round "3.7"]
[White "Kummerow, Heiko"]
[Black "Heinbuch, Detlef"]
[Result "1-0"]
[WhiteElo "2319"]
[BlackElo "2394"]
[PlyCount "83"]
[EventDate "1999.10.09"]
[EventType "team"]
[EventRounds "15"]
[EventCountry "GER"]
[SourceTitle "Bundesliga 9900"]
[Source "DeepChess"]
[SourceDate "2005.01.01"]
[SourceVersion "1"]
[SourceVersionDate "2005.01.01"]
[SourceQuality "1"]
[WhiteTeam "PSV Turm Duisburg 1920 e.V."]
[BlackTeam "Godesberger SK 1929"]
[WhiteTeamCountry "GER"]
[BlackTeamCountry "GER"]

1. e4 c5 2. Nf3 Nc6 3. d4 cxd4 4. Nxd4 Nf6 5. Nc3 d6 6. Bg5 e6 7. Qd2 a6 8.
O-O-O Bd7 9. f3 Be7 10. Be3 Nxd4 11. Bxd4 Qc7 12. Kb1 O-O-O 13. Qf2 Rde8 14.
Bb6 Qb8 15. Rd4 Bc6 16. Rc4 d5 17. exd5 exd5 18. Rd4 Qe5 19. Rd1 Bd8 20. Bd4
Qc7 21. g3 Kb8 22. Bg2 Ka8 23. Rhe1 Rxe1 24. Rxe1 Re8 25. Qd2 Rxe1+ 26. Qxe1
Qd7 27. Qd2 Ne8 28. a3 g6 29. f4 Bf6 30. Qe3 h5 31. Nxd5 Bxd5 32. Bxd5 Bxd4 33.
Qxd4 Nf6 34. Bxb7+ Qxb7 35. Qd8+ Ka7 36. Qxf6 Qh1+ 37. Ka2 Qd5+ 38. b3 Kb7 39.
Qe7+ Kc8 40. Qb4 Kd8 41. Qb6+ Ke8 42. Qxa6 1-0

[Event "Bundesliga 9900"]
[Site "Deutschland"]
[Date "1999.11.06"]
[Round "3.8"]
[White "Jackelen, Thomas"]
[Black "Schmitz, Joachim"]
[Result "1/2-1/2"]
[WhiteElo "2368"]
[BlackElo "2320"]
[PlyCount "40"]
[EventDate "1999.10.09"]
[EventType "team"]
[EventRounds "15"]
[EventCountry "GER"]
[SourceTitle "Bundesliga 9900"]
[Source "DeepChess"]
[SourceDate "2005.01.01"]
[SourceVersion "1"]
[SourceVersionDate "2005.01.01"]
[SourceQuality "1"]
[WhiteTeam "Godesberger SK 1929"]
[BlackTeam "PSV Turm Duisburg 1920 e.V."]
[WhiteTeamCountry "GER"]
[BlackTeamCountry "GER"]

1. Nf3 c5 2. c4 g6 3. d4 cxd4 4. Nxd4 Nc6 5. e4 Nf6 6. Nc3 d6 7. Be2 Nxd4 8.
Qxd4 Bg7 9. Bg5 O-O 10. Qd2 Be6 11. f3 Rc8 12. Nd5 Nxd5 13. cxd5 Bd7 14. O-O
Re8 15. Rac1 a6 16. b3 b5 17. Be3 Bf6 18. Rxc8 Qxc8 19. Rc1 Qb7 20. g4 Rc8
1/2-1/2

[Event "Bundesliga 9900"]
[Site "Deutschland"]
[Date "1999.11.06"]
[Round "3.1"]
[White "Hracek, Zbynek"]
[Black "Ftacnik, Lubomir"]
[Result "0-1"]
[WhiteElo "2629"]
[BlackElo "2589"]
[PlyCount "80"]
[EventDate "1999.10.09"]
[EventType "team"]
[EventRounds "15"]
[EventCountry "GER"]
[SourceTitle "Bundesliga 9900"]
[Source "DeepChess"]
[SourceDate "2005.01.01"]
[SourceVersion "1"]
[SourceVersionDate "2005.01.01"]
[SourceQuality "1"]
[WhiteTeam "SAbt SV Werder Bremen"]
[BlackTeam "Hamburger SK 1830 e.V."]
[WhiteTeamCountry "GER"]
[BlackTeamCountry "GER"]

1. e4 c5 2. Nf3 d6 3. d4 cxd4 4. Nxd4 Nf6 5. Nc3 a6 6. Be3 e5 7. Nb3 Be6 8. Qd2
Nbd7 9. f3 h5 10. Be2 Rc8 11. O-O Be7 12. a4 O-O 13. Rfd1 Qc7 14. a5 Rfd8 15.
Nc1 d5 16. Nxd5 Bxd5 17. exd5 Qxc2 18. d6 Bf8 19. Na2 Qxd2 20. Rxd2 Rc6 21.
Rad1 Nb8 22. Ba7 Rcxd6 23. Rxd6 Bxd6 24. Nc3 Nc6 25. Bb6 Rd7 26. Ne4 Nd4 27.
Nxf6+ gxf6 28. Bd3 Bc7 29. Bc5 Bxa5 30. Kf2 Ne6 31. Be3 Kg7 32. Ke2 Bb6 33. Bc1
Nd4+ 34. Kf1 Nb3 35. Ke2 Bd4 36. Be4 Rc7 37. Bd2 Bxb2 38. Rb1 Nxd2 39. Kxd2
Bc3+ 40. Kd3 b5 0-1

[Event "Bundesliga 9900"]
[Site "Deutschland"]
[Date "1999.11.06"]
[Round "3.2"]
[White "Kempinski, Robert"]
[Black "Babula, Vlastimil"]
[Result "1/2-1/2"]
[WhiteElo "2549"]
[BlackElo "2567"]
[PlyCount "74"]
[EventDate "1999.10.09"]
[EventType "team"]
[EventRounds "15"]
[EventCountry "GER"]
[SourceTitle "Bundesliga 9900"]
[Source "DeepChess"]
[SourceDate "2005.01.01"]
[SourceVersion "1"]
[SourceVersionDate "2005.01.01"]
[SourceQuality "1"]
[WhiteTeam "Hamburger SK 1830 e.V."]
[BlackTeam "SAbt SV Werder Bremen"]
[WhiteTeamCountry "GER"]
[BlackTeamCountry "GER"]

1. d4 Nf6 2. c4 g6 3. Nc3 Bg7 4. Nf3 O-O 5. Bg5 c5 6. d5 d6 7. e3 h6 8. Bh4 Na6
9. Be2 Nc7 10. a4 Rb8 11. Nd2 a6 12. a5 b5 13. axb6 Rxb6 14. Qc2 Bf5 15. e4 Bd7
16. O-O e5 17. Bg3 h5 18. f4 exf4 19. Bxf4 Ng4 20. Nf3 Qe7 21. Rab1 Rfb8 22.
Nd1 Ne8 23. h3 Ne5 24. Nd2 Bf6 25. Bh2 Bg7 26. Kh1 Nf6 27. Bg3 Nh7 28. Nf2 Nf8
29. b3 Bc8 30. Nd3 Nxd3 31. Bxd3 Nd7 32. Nf3 Ne5 33. Nxe5 Bxe5 34. Bxe5 dxe5
35. Qf2 R8b7 36. Bc2 Kg7 37. Rbe1 f6 1/2-1/2

[Event "Bundesliga 9900"]
[Site "Deutschland"]
[Date "1999.11.06"]
[Round "3.3"]
[White "Pelletier, Yannick"]
[Black "Wahls, Matthias"]
[Result "1/2-1/2"]
[WhiteElo "2479"]
[BlackElo "2582"]
[PlyCount "55"]
[EventDate "1999.10.09"]
[EventType "team"]
[EventRounds "15"]
[EventCountry "GER"]
[SourceTitle "Bundesliga 9900"]
[Source "DeepChess"]
[SourceDate "2005.01.01"]
[SourceVersion "1"]
[SourceVersionDate "2005.01.01"]
[SourceQuality "1"]
[WhiteTeam "SAbt SV Werder Bremen"]
[BlackTeam "Hamburger SK 1830 e.V."]
[WhiteTeamCountry "GER"]
[BlackTeamCountry "GER"]

1. d4 Nf6 2. c4 e6 3. Nc3 Bb4 4. e3 b6 5. Bd3 Bb7 6. Nf3 Ne4 7. O-O Bxc3 8.
bxc3 f5 9. d5 Nc5 10. e4 fxe4 11. Bg5 Qc8 12. Bc2 O-O 13. Nd2 exd5 14. cxd5 Rf5
15. Qg4 Rxd5 16. Bh6 Qf8 17. Nxe4 Nba6 18. Rae1 Nd3 19. Re3 Ne5 20. Qg3 Kh8 21.
Bf4 d6 22. Ng5 h6 23. Bxe5 Rxe5 24. Rxe5 dxe5 25. f4 e4 26. Nxe4 Qf5 27. Qd3
Re8 28. Ng3 1/2-1/2

[Event "Bundesliga 9900"]
[Site "Deutschland"]
[Date "1999.11.06"]
[Round "3.4"]
[White "Mueller, Karsten"]
[Black "Knaak, Rainer"]
[Result "0-1"]
[WhiteElo "2533"]
[BlackElo "2505"]
[PlyCount "52"]
[EventDate "1999.10.09"]
[EventType "team"]
[EventRounds "15"]
[EventCountry "GER"]
[SourceTitle "Bundesliga 9900"]
[Source "DeepChess"]
[SourceDate "2005.01.01"]
[SourceVersion "1"]
[SourceVersionDate "2005.01.01"]
[SourceQuality "1"]
[WhiteTeam "Hamburger SK 1830 e.V."]
[BlackTeam "SAbt SV Werder Bremen"]
[WhiteTeamCountry "GER"]
[BlackTeamCountry "GER"]

1. e4 e6 2. d4 d5 3. exd5 exd5 4. Nf3 Bd6 5. c4 Nf6 6. Nc3 c6 7. Bg5 O-O 8.
cxd5 h6 9. Bxf6 Qxf6 10. Be2 Qg6 11. O-O Bh3 12. Ne1 Bf5 13. Bd3 cxd5 14. Bxf5
Qxf5 15. Qb3 Nc6 16. Nf3 Rfd8 17. Qxb7 Nb4 18. Nb5 Bf8 19. Nxa7 Rdb8 20. Qc7
Na6 21. Qa5 Rxa7 22. Ne5 Rxb2 23. Qxd5 Nc7 24. Qc4 Ne6 25. Nd3 Rd2 26. Rfd1 Rc7
0-1